[Event "ODJM C 2024"]
[Site "Willingen GER"]
[Date "2024.05.19"]
[Round "1"]
[White "Rafikov, Artur"]
[Black "Moissl, Julian"]
[Result "0-1"]
[Termination "normal"]
[Board "16"]
[WhiteElo "1021"]
[BlackElo "1560"]
[WhiteClock "00:50:57"]
[BlackClock "00:58:54"]
[PlyCount "68"]
[WhiteFideId "34642676"]
[BlackFideId "16295129"]
[EventCountry "GER"]
[EventRounds "9"]
[EventType "swiss"]
[EventDate "2024.05.18"]

1. e4 {[%clk 01:30:59]} e5 {[%clk 01:30:56]} {[%emt 00:00:04]} 2. Nf3 {[%clk
01:31:23]} {[%emt 00:00:06]} Nc6 {[%clk 01:31:18]} {[%emt 00:00:08]} 3. Bb5
{[%clk 01:31:44]} {[%emt 00:00:09]} Nf6 {[%clk 01:30:58]} {[%emt 00:00:50]} 4.
Nc3 {[%clk 01:31:29]} {[%emt 00:00:45]} d6 {[%clk 01:29:11]} {[%emt 00:02:17]}
5. h3 {[%clk 01:31:43]} {[%emt 00:00:15]} Be7 {[%clk 01:28:51]} {[%emt
00:00:50]} 6. d3 {[%clk 01:31:40]} {[%emt 00:00:34]} O-O {[%clk 01:28:24]}
{[%emt 00:00:57]} 7. O-O {[%clk 01:31:39]} {[%emt 00:00:30]} h6 {[%clk
01:27:52]} {[%emt 00:01:03]} 8. Be3 {[%clk 01:30:50]} {[%emt 00:01:19]} a6
{[%clk 01:26:53]} {[%emt 00:01:29]} 9. Ba4 {[%clk 01:30:54]} {[%emt 00:00:26]}
Be6 {[%clk 01:25:37]} {[%emt 00:01:47]} 10. Qd2 {[%clk 01:23:50]} {[%emt
00:07:34]} Kh7 {[%clk 01:23:31]} {[%emt 00:02:36]} 11. d4 {[%clk 01:22:36]}
{[%emt 00:01:43]} exd4 {[%clk 01:18:44]} {[%emt 00:05:17]} 12. Nxd4 {[%clk
01:21:41]} {[%emt 00:01:25]} Nxd4 {[%clk 01:18:31]} {[%emt 00:00:43]} 13. Bxd4
{[%clk 01:21:34]} {[%emt 00:00:36]} Qc8 {[%clk 01:15:29]} {[%emt 00:03:33]} 14.
Kh2 {[%clk 01:19:12]} {[%emt 00:02:49]} d5 {[%clk 01:08:35]} {[%emt 00:07:27]}
15. Bxf6 {[%clk 01:18:04]} {[%emt 00:01:37]} Bxf6 {[%clk 01:06:21]} {[%emt
00:02:44]} 16. exd5 {[%clk 01:15:52]} {[%emt 00:02:41]} Be5+ {[%clk 01:04:57]}
{[%emt 00:01:55]} 17. Kg1 {[%clk 01:13:27]} {[%emt 00:02:55]} Bxh3 {[%clk
01:04:01]} {[%emt 00:01:26]} 18. Qd3+ {[%clk 01:12:42]} {[%emt 00:01:15]} Bf5
{[%clk 01:03:24]} {[%emt 00:01:07]} 19. Qd2 {[%clk 01:10:32]} {[%emt 00:02:30]}
Qd8 {[%clk 01:02:17]} {[%emt 00:01:47]} 20. Qe3 {[%clk 01:08:08]} {[%emt
00:02:54]} Bd6 {[%clk 01:01:12]} {[%emt 00:01:33]} 21. f4 {[%clk 01:05:37]}
{[%emt 00:03:00]} Qh4 {[%clk 00:58:20]} {[%emt 00:03:24]} 22. Qf2 {[%clk
01:03:34]} {[%emt 00:02:34]} Qg4 {[%clk 00:58:15]} {[%emt 00:00:35]} 23. Qf3
{[%clk 01:03:30]} {[%emt 00:00:33]} Qg6 {[%clk 00:58:27]} {[%emt 00:00:19]} 24.
Rf2 {[%clk 01:02:48]} {[%emt 00:01:02]} Bc5 {[%clk 00:58:28]} {[%emt 00:00:40]}
25. Raf1 {[%clk 00:58:51]} {[%emt 00:04:26]} Bxf2+ {[%clk 00:58:41]} {[%emt
00:00:18]} 26. Rxf2 {[%clk 00:58:36]} {[%emt 00:00:43]} b5 {[%clk 00:58:37]}
{[%emt 00:00:36]} 27. Bb3 {[%clk 00:57:41]} {[%emt 00:01:24]} Rfe8 {[%clk
00:58:45]} {[%emt 00:00:23]} 28. Qd1 {[%clk 00:56:24]} {[%emt 00:01:47]} Re7
{[%clk 00:58:33]} {[%emt 00:00:42]} 29. Qf3 {[%clk 00:53:20]} {[%emt 00:03:32]}
Rae8 {[%clk 00:58:27]} {[%emt 00:00:37]} 30. Re2 {[%clk 00:52:16]} {[%emt
00:01:34]} Bg4 {[%clk 00:58:36]} {[%emt 00:00:22]} 31. Qf2 {[%clk 00:51:01]}
{[%emt 00:01:44]} Bxe2 {[%clk 00:58:33]} {[%emt 00:00:34]} 32. Nxe2 {[%clk
00:51:16]} {[%emt 00:00:14]} Rxe2 {[%clk 00:58:58]} {[%emt 00:00:06]} 33. Qf3
{[%clk 00:50:57]} {[%emt 00:00:48]} R8e3 {[%clk 00:59:09]} {[%emt 00:00:19]}
34. Qxe3 {[%clk 00:50:57]} {[%emt 00:00:30]} Qxg2# {[%clk 00:58:54]} {[%emt
00:00:14]} 0-1

[Event "ODJM C 2024"]
[Site "Willingen GER"]
[Date "2024.05.19"]
[Round "1"]
[White "Mahr, Mikka"]
[Black "Stopp, Bruno"]
[Result "0-1"]
[Termination "normal"]
[Board "18"]
[WhiteElo "1016"]
[BlackElo "1249"]
[WhiteClock "00:59:42"]
[BlackClock "01:15:20"]
[PlyCount "50"]
[WhiteFideId "34699597"]
[BlackFideId "34640347"]
[EventCountry "GER"]
[EventRounds "9"]
[EventType "swiss"]
[EventDate "2024.05.18"]

1. e4 {[%clk 01:30:57]} {[%emt 00:00:02]} e5 {[%clk 01:30:48]} {[%emt
00:00:12]} 2. Nf3 {[%clk 01:31:21]} {[%emt 00:00:07]} Nc6 {[%clk 01:31:11]}
{[%emt 00:00:06]} 3. Bb5 {[%clk 01:31:42]} {[%emt 00:00:09]} a6 {[%clk
01:31:29]} {[%emt 00:00:13]} 4. Bxc6 {[%clk 01:32:01]} {[%emt 00:00:10]} dxc6
{[%clk 01:31:49]} {[%emt 00:00:10]} 5. Nc3 {[%clk 01:32:08]} {[%emt 00:00:21]}
Bc5 {[%clk 01:31:04]} {[%emt 00:01:12]} 6. Nxe5 {[%clk 01:32:13]} {[%emt
00:00:30]} Qg5 {[%clk 01:27:35]} {[%emt 00:03:37]} 7. g3 {[%clk 01:30:54]}
{[%emt 00:02:11]} Qxe5 {[%clk 01:27:13]} {[%emt 00:00:51]} 8. d4 {[%clk
01:30:45]} {[%emt 00:00:14]} Qxd4 {[%clk 01:27:01]} {[%emt 00:01:07]} 9. Qxd4
{[%clk 01:30:12]} {[%emt 00:01:04]} Bxd4 {[%clk 01:27:18]} {[%emt 00:00:13]}
10. Bd2 {[%clk 01:30:27]} {[%emt 00:00:16]} Bg4 {[%clk 01:27:29]} {[%emt
00:00:16]} 11. O-O {[%clk 01:29:47]} {[%emt 00:01:13]} O-O-O {[%clk 01:26:35]}
{[%emt 00:01:24]} 12. Rae1 {[%clk 01:25:01]} {[%emt 00:05:12]} Nf6 {[%clk
01:23:42]} {[%emt 00:03:24]} 13. Rc1 {[%clk 01:24:29]} {[%emt 00:01:02]} Rhe8
{[%clk 01:21:49]} {[%emt 00:02:25]} 14. Kh1 {[%clk 01:22:41]} {[%emt 00:02:11]}
Bf3+ {[%clk 01:21:18]} {[%emt 00:01:04]} 15. Kg1 {[%clk 01:22:30]} {[%emt
00:00:34]} Nxe4 {[%clk 01:21:33]} {[%emt 00:00:25]} 16. Nxe4 {[%clk 01:19:32]}
{[%emt 00:02:46]} Rxe4 {[%clk 01:21:28]} {[%emt 00:01:16]} 17. c3 {[%clk
01:16:18]} {[%emt 00:03:40]} Ba7 {[%clk 01:21:01]} {[%emt 00:01:02]} 18. Bf4
{[%clk 01:15:49]} {[%emt 00:00:59]} Re2 {[%clk 01:19:13]} {[%emt 00:02:12]} 19.
Rb1 {[%clk 01:10:30]} {[%emt 00:05:55]} Be4 {[%clk 01:17:30]} {[%emt 00:02:02]}
20. Rbc1 {[%clk 01:10:06]} {[%emt 00:01:05]} Rxb2 {[%clk 01:17:27]} {[%emt
00:00:33]} 21. a3 {[%clk 01:07:41]} {[%emt 00:02:56]} Ra2 {[%clk 01:16:33]}
{[%emt 00:01:22]} 22. Rcd1 {[%clk 01:01:03]} {[%emt 00:07:10]} Bxf2+ {[%clk
01:15:20]} {[%emt 00:01:42]} 23. Rxf2 {[%emt 00:01:06]} Rxd1+ {[%emt 00:00:09]}
24. Rf1 {[%emt 00:00:08]} Rg2+ {[%emt 00:00:12]} 25. Kh1 {[%clk 00:59:42]}
{[%emt 00:00:09]} Rxf1# {[%emt 00:00:24]} 0-1

[Event "ODJM C 2024"]
[Site "Willingen GER"]
[Date "2024.05.19"]
[Round "1"]
[White "Kulgemeyer, Justus"]
[Black "Sniegowski, Victoria"]
[Result "1-0"]
[Termination "normal"]
[Board "19"]
[WhiteElo "1243"]
[BlackElo "1001"]
[WhiteClock "00:42:56"]
[BlackClock "00:38:18"]
[PlyCount "139"]
[WhiteFideId "34623671"]
[BlackFideId "34675612"]
[EventCountry "GER"]
[EventRounds "9"]
[EventType "swiss"]
[EventDate "2024.05.18"]

1. d4 {[%clk 01:30:57]} {[%emt 00:00:02]} Nf6 {[%clk 01:30:51]} {[%emt
00:00:10]} 2. Nc3 {[%clk 01:31:21]} {[%emt 00:00:04]} g6 {[%clk 01:31:13]}
{[%emt 00:00:09]} 3. e4 {[%clk 01:31:08]} {[%emt 00:00:44]} d6 {[%clk
01:29:00]} {[%emt 00:02:42]} 4. Bd3 {[%clk 01:31:14]} {[%emt 00:00:24]} Bg7
{[%clk 01:28:05]} {[%emt 00:01:25]} 5. Be3 {[%clk 01:31:24]} {[%emt 00:00:21]}
O-O {[%clk 01:27:21]} {[%emt 00:01:14]} 6. Qd2 {[%clk 01:31:33]} {[%emt
00:00:21]} Nbd7 {[%clk 01:22:19]} {[%emt 00:05:32]} 7. h3 {[%clk 01:28:38]}
{[%emt 00:03:25]} c5 {[%clk 01:20:32]} {[%emt 00:02:17]} 8. dxc5 {[%clk
01:28:00]} {[%emt 00:01:08]} Nxc5 {[%clk 01:19:51]} {[%emt 00:01:11]} 9. O-O-O
{[%clk 01:26:43]} {[%emt 00:01:47]} b6 {[%clk 01:14:02]} {[%emt 00:06:20]} 10.
Be2 {[%clk 01:26:02]} {[%emt 00:01:10]} Nfxe4 {[%clk 01:12:41]} {[%emt
00:01:51]} 11. Nxe4 {[%clk 01:26:05]} {[%emt 00:00:27]} Nxe4 {[%clk 01:12:50]}
{[%emt 00:00:21]} 12. Qd5 {[%clk 01:25:53]} {[%emt 00:00:42]} Bb7 {[%clk
01:12:31]} {[%emt 00:00:50]} 13. Qxb7 {[%clk 01:25:41]} {[%emt 00:00:42]} Nc5
{[%clk 01:11:31]} {[%emt 00:01:30]} 14. Bxc5 {[%clk 01:24:41]} {[%emt
00:01:30]} bxc5 {[%clk 01:11:30]} {[%emt 00:00:31]} 15. Bf3 {[%clk 01:24:05]}
{[%emt 00:01:06]} Rb8 {[%clk 01:09:42]} {[%emt 00:02:18]} 16. Qxa7 {[%clk
01:23:24]} {[%emt 00:01:11]} Rxb2 {[%clk 01:08:54]} {[%emt 00:01:17]} 17. Ne2
{[%clk 01:22:05]} {[%emt 00:01:48]} Rb8 {[%clk 01:06:15]} {[%emt 00:03:09]} 18.
Rhe1 {[%clk 01:20:59]} {[%emt 00:01:36]} Bh6+ {[%clk 01:06:07]} {[%emt
00:00:39]} 19. Rd2 {[%clk 01:20:35]} {[%emt 00:00:54]} Bxd2+ {[%clk 01:06:22]}
{[%emt 00:00:15]} 20. Kxd2 {[%clk 01:20:44]} {[%emt 00:00:22]} Rc8 {[%clk
01:04:50]} {[%emt 00:02:01]} 21. Nc3 {[%clk 01:19:19]} {[%emt 00:01:55]} Re8
{[%clk 01:04:53]} {[%emt 00:00:27]} 22. Nd5 {[%clk 01:16:24]} {[%emt 00:03:22]}
e6 {[%clk 01:04:51]} {[%emt 00:00:35]} 23. Nb6 {[%clk 01:14:38]} {[%emt
00:02:16]} Rc7 {[%clk 01:02:54]} {[%emt 00:02:27]} 24. Qa8 {[%clk 01:13:59]}
{[%emt 00:01:08]} Qg5+ {[%clk 01:02:42]} {[%emt 00:00:43]} 25. Re3 {[%clk
01:10:26]} {[%emt 00:04:05]} Rxa8 {[%clk 01:02:58]} {[%emt 00:00:13]} 26. Nxa8
{[%clk 01:09:53]} {[%emt 00:01:03]} Ra7 {[%clk 01:02:33]} {[%emt 00:00:55]} 27.
Nb6 {[%clk 01:09:22]} {[%emt 00:01:01]} Rxa2 {[%clk 01:02:24]} {[%emt
00:00:39]} 28. Kd3 {[%clk 01:08:23]} {[%emt 00:01:29]} Ra3+ {[%clk 01:02:09]}
{[%emt 00:00:45]} 29. c3 {[%clk 01:08:30]} {[%emt 00:00:24]} Qf5+ {[%clk
01:01:17]} {[%emt 00:01:21]} 30. Be4 {[%clk 01:05:50]} {[%emt 00:03:10]} Qxf2
{[%clk 01:00:47]} {[%emt 00:01:00]} 31. Nc4 {[%clk 01:04:46]} {[%emt 00:01:35]}
Ra6 {[%clk 01:00:22]} {[%emt 00:00:54]} 32. Nd2 {[%clk 01:01:48]} {[%emt
00:03:28]} d5 {[%clk 01:00:13]} {[%emt 00:00:39]} 33. Bf3 {[%clk 01:01:39]}
{[%emt 00:00:39]} Qg3 {[%clk 00:57:58]} {[%emt 00:02:44]} 34. Ke2 {[%clk
00:56:10]} {[%emt 00:06:00]} Ra2 {[%clk 00:57:50]} {[%emt 00:00:38]} 35. Bxd5
{[%clk 00:55:37]} {[%emt 00:01:03]} Qd6 {[%clk 00:57:11]} {[%emt 00:01:09]} 36.
Bxa2 {[%clk 00:55:45]} {[%emt 00:00:22]} Qa6+ {[%clk 00:57:20]} {[%emt
00:00:20]} 37. Bc4 {[%clk 00:56:03]} {[%emt 00:00:12]} Qb7 {[%clk 00:56:41]}
{[%emt 00:01:10]} 38. Ne4 {[%clk 00:54:27]} {[%emt 00:02:07]} Kg7 {[%clk
00:55:38]} {[%emt 00:01:33]} 39. Kf2 {[%clk 00:53:27]} {[%emt 00:01:30]} Qc7
{[%clk 00:53:41]} {[%emt 00:02:15]} 40. Rf3 {[%clk 00:51:56]} {[%emt 00:02:13]}
f5 {[%clk 00:50:48]} {[%emt 00:03:23]} 41. Ng5 {[%clk 00:51:20]} {[%emt
00:01:06]} Kf6 {[%clk 00:48:03]} {[%emt 00:03:16]} 42. Nxe6 {[%clk 00:50:43]}
{[%emt 00:01:06]} Qd6 {[%clk 00:47:35]} {[%emt 00:00:58]} 43. g4 {[%clk
00:48:05]} {[%emt 00:03:08]} Qd2+ {[%emt 00:02:24]} 44. Kg3 {[%emt 00:01:02]}
Qe1+ {[%clk 00:44:19]} {[%emt 00:00:20]} 45. Kg2 {[%clk 00:47:16]} {[%emt
00:01:20]} Qd2+ {[%clk 00:44:26]} {[%emt 00:00:23]} 46. Rf2 {[%clk 00:43:42]}
{[%emt 00:04:04]} Qxc3 {[%clk 00:43:49]} {[%emt 00:01:06]} 47. Ba2 {[%clk
00:43:38]} {[%emt 00:00:35]} Qe5 {[%clk 00:40:57]} {[%emt 00:03:19]} 48. g5+
{[%clk 00:40:57]} {[%emt 00:03:14]} Ke7 {[%clk 00:40:14]} {[%emt 00:01:14]} 49.
Nf4 {[%clk 00:39:48]} {[%emt 00:01:38]} Qe4+ {[%clk 00:39:40]} {[%emt
00:01:03]} 50. Kh2 {[%clk 00:39:06]} {[%emt 00:01:13]} c4 {[%clk 00:37:16]}
{[%emt 00:02:54]} 51. Re2 {[%clk 00:39:28]} {[%emt 00:00:09]} Qxe2+ {[%clk
00:37:18]} {[%emt 00:00:27]} 52. Nxe2 {[%clk 00:39:45]} {[%emt 00:00:13]} f4
{[%clk 00:35:34]} {[%emt 00:02:14]} 53. Bxc4 {[%clk 00:39:52]} {[%emt
00:00:23]} f3 {[%clk 00:35:29]} {[%emt 00:00:35]} 54. Nc3 {[%clk 00:39:25]}
{[%emt 00:00:57]} Kd6 {[%clk 00:35:30]} {[%emt 00:00:30]} 55. Kg3 {[%clk
00:39:41]} {[%emt 00:00:14]} Ke5 {[%clk 00:35:23]} {[%emt 00:00:37]} 56. Kxf3
{[%clk 00:39:36]} {[%emt 00:00:35]} Kd4 {[%clk 00:35:37]} {[%emt 00:00:15]} 57.
Bg8 {[%clk 00:39:55]} {[%emt 00:00:11]} Kxc3 58. Bxh7 Kd4 {[%clk 00:36:09]}
{[%emt 00:00:04]} 59. Bxg6 {[%clk 00:40:43]} {[%emt 00:00:06]} Ke5 {[%clk
00:36:09]} {[%emt 00:00:30]} 60. Kg4 {[%clk 00:40:46]} {[%emt 00:00:27]} Ke6
{[%clk 00:36:10]} {[%emt 00:00:30]} 61. Kf4 {[%clk 00:40:34]} {[%emt 00:00:41]}
Ke7 {[%clk 00:36:19]} {[%emt 00:00:21]} 62. Ke5 {[%clk 00:40:37]} {[%emt
00:00:28]} Kf8 {[%clk 00:36:39]} {[%emt 00:00:10]} 63. h4 {[%clk 00:40:48]}
{[%emt 00:00:18]} Kg7 {[%clk 00:37:00]} {[%emt 00:00:07]} 64. h5 {[%clk
00:41:05]} {[%emt 00:00:14]} Kh8 {[%clk 00:37:10]} {[%emt 00:00:20]} 65. Bb1
{[%clk 00:41:19]} {[%emt 00:00:17]} Kg7 {[%clk 00:37:21]} {[%emt 00:00:19]} 66.
g6 {[%clk 00:41:30]} {[%emt 00:00:18]} Kh6 {[%emt 00:00:17]} 67. Kf6 {[%clk
00:41:50]} {[%emt 00:00:07]} Kxh5 {[%clk 00:37:54]} {[%emt 00:00:13]} 68. g7
{[%clk 00:42:14]} {[%emt 00:00:06]} Kh6 {[%clk 00:38:13]} {[%emt 00:00:11]} 69.
g8=Q {[%clk 00:42:31]} {[%emt 00:00:13]} Kh5 {[%clk 00:38:18]} {[%emt
00:00:24]} 70. Qg5+ {[%clk 00:42:56]} {[%emt 00:00:05]} 1-0

[Event "ODJM C 2024"]
[Site "Willingen GER"]
[Date "2024.05.19"]
[Round "1"]
[White "Kraus, Jesper"]
[Black "Glaser-Gallion, Ludwig"]
[Result "0-1"]
[Termination "normal"]
[Board "20"]
[WhiteElo "999"]
[BlackElo "1236"]
[WhiteClock "01:07:38"]
[BlackClock "01:09:19"]
[PlyCount "114"]
[WhiteFideId "533001936"]
[BlackFideId "533001880"]
[EventCountry "GER"]
[EventRounds "9"]
[EventType "swiss"]
[EventDate "2024.05.18"]

1. e4 {[%clk 01:30:59]} c6 {[%clk 01:30:58]} {[%emt 00:00:02]} 2. Bc4 {[%clk
01:30:32]} {[%emt 00:00:57]} d5 {[%clk 01:31:22]} {[%emt 00:00:07]} 3. exd5
{[%clk 01:30:29]} {[%emt 00:00:33]} cxd5 {[%clk 01:31:42]} {[%emt 00:00:09]} 4.
Bb5+ {[%clk 01:30:37]} {[%emt 00:00:22]} Nc6 {[%clk 01:32:02]} {[%emt
00:00:10]} 5. Nf3 {[%clk 01:30:16]} {[%emt 00:00:51]} Bg4 {[%emt 00:00:18]} 6.
h3 {[%emt 00:00:21]} Bh5 {[%clk 01:31:39]} {[%emt 00:00:14]} 7. d3 {[%clk
01:29:57]} {[%emt 00:00:48]} Qa5+ {[%clk 01:31:24]} {[%emt 00:00:46]} 8. Nc3
{[%clk 01:30:03]} {[%emt 00:00:24]} d4 {[%clk 01:31:40]} {[%emt 00:00:13]} 9.
Bxc6+ {[%clk 01:22:37]} {[%emt 00:07:57]} bxc6 {[%clk 01:31:48]} {[%emt
00:00:23]} 10. Bd2 {[%clk 01:22:33]} {[%emt 00:00:34]} dxc3 {[%clk 01:32:06]}
{[%emt 00:00:11]} 11. Bxc3 {[%clk 01:22:42]} {[%emt 00:00:20]} Qd5 {[%clk
01:30:53]} {[%emt 00:01:44]} 12. Qe2 {[%clk 01:19:59]} {[%emt 00:03:14]} Bxf3
{[%clk 01:30:41]} {[%emt 00:00:41]} 13. gxf3 {[%clk 01:20:08]} {[%emt
00:00:16]} Qe6 {[%clk 01:30:48]} {[%emt 00:00:28]} 14. Qxe6 {[%clk 01:17:52]}
{[%emt 00:02:47]} fxe6 {[%clk 01:29:16]} {[%emt 00:02:02]} 15. O-O-O {[%clk
01:17:27]} {[%emt 00:00:55]} Nf6 {[%clk 01:28:16]} {[%emt 00:01:30]} 16. Rhe1
{[%clk 01:17:25]} {[%emt 00:00:30]} Kf7 {[%clk 01:28:30]} {[%emt 00:00:16]} 17.
f4 {[%clk 01:16:09]} {[%emt 00:01:48]} g6 {[%clk 01:27:54]} {[%emt 00:01:04]}
18. Re2 {[%clk 01:16:11]} {[%emt 00:00:30]} Bh6 {[%clk 01:27:22]} {[%emt
00:01:00]} 19. Bd2 {[%clk 01:15:58]} {[%emt 00:00:44]} Nh5 {[%clk 01:26:13]}
{[%emt 00:01:09]} 20. Re4 {[%clk 01:15:54]} {[%emt 00:00:57]} Rad8 {[%clk
01:25:06]} {[%emt 00:01:35]} 21. c4 {[%clk 01:14:43]} {[%emt 00:01:50]} Rxd3
{[%clk 01:24:46]} {[%emt 00:00:51]} 22. Rde1 {[%clk 01:13:26]} {[%emt
00:01:45]} Rxh3 {[%clk 01:22:40]} {[%emt 00:02:37]} 23. Rxe6 {[%clk 01:13:13]}
{[%emt 00:00:44]} Re8 {[%clk 01:22:14]} {[%emt 00:00:54]} 24. Bb4 {[%clk
01:13:13]} {[%emt 00:00:32]} Bxf4+ {[%clk 01:22:11]} {[%emt 00:00:32]} 25. Kc2
{[%clk 01:13:22]} {[%emt 00:00:21]} Bg5 {[%clk 01:21:36]} {[%emt 00:01:04]} 26.
R1e5 {[%clk 01:12:29]} {[%emt 00:01:24]} Bf6 {[%clk 01:21:13]} {[%emt
00:00:51]} 27. Re4 {[%clk 01:11:15]} {[%emt 00:01:46]} Ng7 {[%clk 01:20:32]}
{[%emt 00:01:10]} 28. Rxc6 {[%clk 01:11:29]} {[%emt 00:00:17]} Rh2 {[%clk
01:19:49]} {[%emt 00:01:11]} 29. Bc5 {[%clk 01:11:15]} {[%emt 00:00:46]} h5
{[%clk 01:19:16]} {[%emt 00:01:03]} 30. Rc7 {[%clk 01:10:40]} {[%emt 00:01:06]}
Ne6 {[%emt 00:00:50]} 31. Rc6 {[%emt 00:00:59]} Nxc5 {[%clk 01:17:40]} {[%emt
00:00:15]} 32. Rxc5 {[%clk 01:10:17]} {[%emt 00:00:53]} Rxf2+ {[%clk 01:17:37]}
{[%emt 00:00:34]} 33. Kd3 {[%clk 01:10:20]} {[%emt 00:00:27]} Rxb2 {[%clk
01:17:23]} {[%emt 00:00:44]} 34. Rf4 {[%clk 01:09:58]} {[%emt 00:00:52]} Rxa2
{[%clk 01:16:35]} {[%emt 00:01:18]} 35. Rc7 {[%clk 01:09:52]} {[%emt 00:00:36]}
Rh8 {[%clk 01:14:42]} {[%emt 00:02:22]} 36. c5 {[%clk 01:09:08]} {[%emt
00:01:15]} Rd8+ {[%clk 01:14:39]} {[%emt 00:00:31]} 37. Ke4 {[%clk 01:09:31]}
{[%emt 00:00:07]} Ra4+ {[%clk 01:14:44]} {[%emt 00:00:27]} 38. Kf3 {[%clk
01:09:13]} {[%emt 00:00:48]} Rd3+ {[%clk 01:13:32]} {[%emt 00:01:43]} 39. Ke2
{[%clk 01:09:14]} {[%emt 00:00:29]} Rxf4 {[%clk 01:13:49]} {[%emt 00:00:14]}
40. Kxd3 {[%clk 01:08:00]} {[%emt 00:01:35]} Rd4+ {[%clk 01:14:00]} {[%emt
00:00:27]} 41. Ke2 {[%clk 01:07:47]} {[%emt 00:00:42]} h4 {[%clk 01:13:05]}
{[%emt 00:01:26]} 42. c6 {[%clk 01:07:49]} {[%emt 00:00:29]} Rc4 {[%clk
01:13:22]} {[%emt 00:00:12]} 43. Kf2 {[%clk 01:06:46]} {[%emt 00:01:33]} h3
{[%clk 01:10:57]} {[%emt 00:02:49]} 44. Kg3 {[%clk 01:06:11]} {[%emt 00:01:12]}
Be5+ {[%emt 00:00:27]} 45. Kxh3 {[%emt 00:00:15]} Bxc7 {[%clk 01:10:36]} {[%emt
00:00:09]} 46. Kg2 {[%clk 01:06:00]} {[%emt 00:00:42]} a5 {[%clk 01:10:50]}
{[%emt 00:00:10]} 47. Kf3 {[%clk 01:06:14]} {[%emt 00:00:21]} a4 {[%clk
01:11:10]} {[%emt 00:00:12]} 48. Ke2 {[%clk 01:06:16]} {[%emt 00:00:27]} a3
{[%clk 01:11:31]} {[%emt 00:00:08]} 49. Kd3 {[%clk 01:06:35]} {[%emt 00:00:13]}
Rxc6 {[%clk 01:11:53]} {[%emt 00:00:08]} 50. Kd2 {[%emt 00:00:53]} a2 {[%emt
00:00:02]} 51. Kd3 {[%emt 00:00:21]} a1=Q {[%clk 01:09:38]} {[%emt 00:00:13]}
52. Ke4 {[%clk 01:06:50]} {[%emt 00:02:02]} Qe5+ {[%clk 01:09:45]} {[%emt
00:00:15]} 53. Kd3 {[%clk 01:07:12]} {[%emt 00:00:15]} Rd6+ {[%clk 01:10:03]}
{[%emt 00:00:11]} 54. Kc4 {[%clk 01:07:33]} {[%emt 00:00:08]} Qe1 {[%clk
01:09:24]} {[%emt 00:00:43]} 55. Kc5 {[%clk 01:07:40]} {[%emt 00:00:51]} Qc1+
{[%clk 01:09:29]} {[%emt 00:00:16]} 56. Kb5 {[%clk 01:07:33]} {[%emt 00:00:45]}
Rb6+ {[%clk 01:09:52]} {[%emt 00:00:09]} 57. Ka4 {[%clk 01:07:38]} {[%emt
00:00:25]} Qa1# {[%clk 01:09:19]} {[%emt 00:01:02]} 0-1

[Event "ODJM C 2024"]
[Site "Willingen GER"]
[Date "2024.05.19"]
[Round "1"]
[White "Albrecht, Sidney Jenna"]
[Black "Berger, Jennifer"]
[Result "0-1"]
[Termination "normal"]
[Board "21"]
[WhiteElo "1616"]
[BlackElo "1462"]
[WhiteClock "00:57:55"]
[BlackClock "01:19:41"]
[PlyCount "48"]
[WhiteFideId "34660283"]
[BlackFideId "34630074"]
[EventCountry "GER"]
[EventRounds "9"]
[EventType "swiss"]
[EventDate "2024.05.18"]

1. c4 {[%clk 01:30:57]} {[%emt 00:00:02]} e5 {[%clk 01:30:54]} {[%emt
00:00:06]} 2. Nc3 {[%clk 01:31:23]} {[%emt 00:00:05]} Nc6 {[%emt 00:00:14]} 3.
Nf3 {[%clk 01:31:38]} {[%emt 00:00:13]} Nf6 {[%clk 01:31:33]} {[%emt 00:00:09]}
4. g3 {[%clk 01:31:56]} {[%emt 00:00:12]} d5 {[%clk 01:31:29]} {[%emt
00:00:33]} 5. cxd5 {[%clk 01:32:19]} {[%emt 00:00:07]} Nxd5 {[%clk 01:31:55]}
{[%emt 00:00:05]} 6. Bg2 {[%clk 01:32:43]} {[%emt 00:00:05]} Bb4 {[%clk
01:31:09]} {[%emt 00:01:14]} 7. O-O {[%clk 01:32:30]} {[%emt 00:00:45]} O-O
{[%clk 01:31:05]} {[%emt 00:00:35]} 8. a3 {[%clk 01:31:15]} {[%emt 00:01:44]}
Ba5 {[%clk 01:30:35]} {[%emt 00:00:58]} 9. Nxe5 {[%clk 01:25:26]} {[%emt
00:06:21]} Nxc3 {[%clk 01:28:49]} {[%emt 00:02:17]} 10. Nxc6 {[%clk 01:25:44]}
{[%emt 00:00:11]} Nxe2+ {[%clk 01:28:39]} {[%emt 00:00:40]} 11. Qxe2 {[%clk
01:25:47]} {[%emt 00:00:27]} bxc6 {[%clk 01:28:43]} {[%emt 00:00:27]} 12. Bxc6
{[%clk 01:24:39]} {[%emt 00:01:37]} Rb8 {[%clk 01:28:40]} {[%emt 00:00:33]} 13.
b4 {[%clk 01:20:59]} {[%emt 00:04:11]} Qd6 {[%clk 01:27:20]} {[%emt 00:01:49]}
14. bxa5 {[%clk 01:19:14]} {[%emt 00:02:15]} Qxc6 {[%clk 01:27:41]} {[%emt
00:00:08]} 15. Re1 {[%clk 01:17:17]} {[%emt 00:02:28]} Bh3 {[%clk 01:26:11]}
{[%emt 00:02:00]} 16. f3 {[%clk 01:16:18]} {[%emt 00:01:29]} Rfe8 {[%clk
01:26:12]} {[%emt 00:00:29]} 17. Qf2 {[%clk 01:03:39]} {[%emt 00:13:09]} Rxe1+
{[%clk 01:24:25]} {[%emt 00:02:17]} 18. Qxe1 {[%clk 01:02:43]} {[%emt
00:01:26]} Rb3 {[%clk 01:20:20]} {[%emt 00:04:35]} 19. Qe4 {[%clk 00:59:55]}
{[%emt 00:03:17]} Rxf3 {[%clk 01:20:05]} {[%emt 00:00:45]} 20. Qe2 {[%clk
00:58:46]} {[%emt 00:01:40]} Qc5+ {[%clk 01:18:42]} {[%emt 00:01:51]} 21. Kh1
{[%clk 00:57:48]} {[%emt 00:01:30]} Rf1+ {[%clk 01:18:46]} {[%emt 00:00:26]}
22. Qxf1 {[%clk 00:58:03]} {[%emt 00:00:15]} Bxf1 {[%clk 01:19:00]} {[%emt
00:00:16]} 23. Bb2 {[%clk 00:57:30]} {[%emt 00:01:03]} Qd5+ {[%clk 01:19:19]}
{[%emt 00:00:10]} 24. Kg1 {[%clk 00:57:55]} {[%emt 00:00:07]} Qg2# {[%clk
01:19:41]} {[%emt 00:00:08]} 0-1